|
|
|
|
| LEADER |
01205nam a22003732a 4500 |
| 001 |
001760569 |
| 003 |
CZ BrMZK |
| 005 |
20200923122537.0 |
| 007 |
ta |
| 008 |
200727s1964 ru er|||||||||||rus d |
| 020 |
|
|
|q (Váz.)
|
| 040 |
|
|
|a OLD012
|b cze
|d BOA001
|
| 041 |
1 |
|
|a rus
|h eng
|
| 072 |
|
7 |
|a 159.93/.94
|x Senzorické a motorické funkce. Emoce. Vůle
|2 Konspekt
|9 17
|
| 080 |
|
|
|a 159.93
|2 MRF
|
| 080 |
|
|
|a 612.821.8
|2 MRF
|
| 080 |
|
|
|a 591.185
|2 MRF
|
| 080 |
|
|
|a 159.938.2
|2 MRF
|
| 080 |
|
|
|a (082)
|2 MRF
|
| 245 |
0 |
0 |
|a Teorija svjazi v sensornych sistemach /
|c editor Walter A. Rosenblith ; perevod s anglijskogo G.A. Buznikova i O.S. Vinogradovoj
|
| 260 |
|
|
|a Moskva :
|b Mir,
|c 1964
|
| 300 |
|
|
|a 511 s.
|
| 504 |
|
|
|a Obsahuje bibliografie
|
| 650 |
0 |
7 |
|a psychofyzika
|7 ph118400
|2 czenas
|
| 650 |
0 |
7 |
|a smyslové vnímání
|7 ph116195
|2 czenas
|
| 655 |
|
4 |
|a sborníky
|
| 700 |
1 |
|
|a Rosenblith, Walter A.
|4 edt
|
| 700 |
1 |
|
|a Buznikov, G. A.
|4 trl
|
| 700 |
1 |
|
|a Vinogradova, O. S.
|4 trl
|
| 765 |
0 |
|
|t Sensory communication
|9 Rusky
|
| 910 |
|
|
|a BOA001
|b 3-0532.523
|
| 990 |
|
|
|a BK
|
| 991 |
|
|
|b 202007
|
| 996 |
7 |
|
|b 2618891706
|c 3-0532.523
|l MZK
|r Sklad / do 1 hodiny
|n 0
|w 001816124
|u 000010
|a 1
|e BOA001
|j MZK50
|s A
|